Ekonomické vzťahy ČSSR ku krajinám EHS a ďalším vyspelým kapitalistickým štátom

Bibliographic Details
Main Author: Tesárek, Jaroslav, 1927-1994 (Author)
Format: Article
Language:Slovak
PhysicalDescription:Tb. 2. Res. rus., nem., angl.
Subjects:

MARC

LEADER 00000nab a2200000 a 4500
001 vtls000181208
003 SK-MaSNL
005 20260304073557.0
008 250422c1983 xo 0 slo
015 |a SNBRB19rr/mm-uuuuu 
035 |a CL0191321 
035 |a urn:nbn:sk:snk-ab2fum 
035 |a (urnnbn)urn:nbn:sk:snk:ar-a02de0 
035 |a (uuid)352bfd27-982a-4a46-ba88-834291ae98de 
040 |a SNKBUCL  |b slo  |c SNKBUCL  |e AACR2 
041 0 |a slo 
044 |a xo  |c SK 
080 |a 339.56(437):339.923(4-15)  |2 1981 
080 |a 339.923(4-15)  |2 1981 
100 1 |a Tesárek, Jaroslav,  |d 1927-1994  |4 aut  |9 49252 
245 1 0 |a Ekonomické vzťahy ČSSR ku krajinám EHS a ďalším vyspelým kapitalistickým štátom  |c Jaroslav Tesárek 
300 |b Tb. 2. Res. rus., nem., angl. 
610 2 7 |a Európske hospodárske spoločenstvo  |2 snkbucl  |9 56172 
650 0 7 |a zahraničný obchod  |2 snkbucl  |9 2200 
650 0 7 |a štáty kapitalistické  |2 snkbucl  |9 921582 
655 7 |a články z novín a časopisov  |2 snkbucl  |9 267496 
773 0 |t Ekonomické rozhľady  |g Roč. 16, č. 4 (1983), s. 23-30 
850 |a Slovenská národná knižnica 
852 |a Slovenská národná knižnica 
954 |a odborná, vedecká literatúra pôvodná (slovenská)  |2 lita 
958 |a article27 
958 |a RK 
958 |a OND 
958 |a EUIPO 
992 |a RBX 
999 |c 2772221  |d 2774151